00508nam a2200145Ia 4500008004100000041000800041082001400049100001800063245004500081260004900126300003200175365001200207999001700219952012600236240624s9999 xx 000 0 und d aeng a338.9 CHA aCHANG HA JOON aINSTITUTIONAL CHANGE AND ECONOMIC DEVELO c2007aTokyobUnited Nations University Press axxii, : 305 : p. : cm. ; 23 cBPSb25 c10837d10837 00104070aIMTNbIMTNcRack 13-Ad2008-10-06eAPg20.99n1280o338.9 CHAp10837r2024-08-28 00:00:00t90w2024-06-24yBK